| 000 | 00827nam0a22002651 4500 | ||
|---|---|---|---|
| 001 | RU\NLR\A1SV\36340 | ||
| 005 | 20251203171251.9 | ||
| 035 | _a(NLR Aleph) 009718825 | ||
| 090 |
_a9865383 _c9865383 |
||
| 100 | _a20010622d1924 u y0rusy50 ca | ||
| 101 | 0 | _arus | |
| 102 | _aRU | ||
| 200 | 1 |
_a9-ое января 1905 года _e(Материал к вечеру в клубах молодежи) _fРКСМ |
|
| 210 |
_aОмск _cОмск. губком РКСМ _d1924 |
||
| 215 |
_a36, 10 с. _d21 см |
||
| 300 | _aБез тит. л. | ||
| 320 | _aБиблиогр.: с.34-35 | ||
| 517 | 9 | _aДевятое января тысяча девятьсот пятого года | |
| 620 | _dОмск | ||
| 801 | 0 |
_aRU _bNLR _c20010622 |
|
| 852 |
_aNLR _j38/3642 |
||
| 942 | _cBOOK | ||
| 980 | _aNB | ||
| 980 | _aA1SV | ||